| 000 | 02428nam0a2200361 4500 | ||
|---|---|---|---|
| 001 | RU\NLR\bibl\433469 | ||
| 005 | 20250623172401.0 | ||
| 010 |
_a5-98118-025-0 _93000 |
||
| 021 |
_aRU _b2003-35661 _91692 |
||
| 035 | _a(NLR Aleph) 000427297 | ||
| 090 |
_a732554 _c732554 |
||
| 100 | _a20030904d2003 |||y0rusy50 ca | ||
| 101 | 0 | _arus | |
| 102 | _aRU | ||
| 105 | _aac ||||||||| | ||
| 200 | 1 |
_aМаркетинг _eУчеб. _fР.Б. Ноздрева, В.Ю. Гречков |
|
| 210 |
_aМ. _cЭкономистъ _d2003 |
||
| 215 |
_a566 с. _cил., портр. _d22 |
||
| 300 | _aНа обл. и авантит.: Маркетинг | ||
| 300 | _aНа с. 565-566 авт.: Ноздрева Р.Б., д.э.н., проф., Крылова Г.Д., проф., Соколова М.И., к.э.н., Гречков В.Ю., к.т.н. | ||
| 423 | 0 |
_12001#$aПрактикум по маркетингу$eУчеб. пособие$fГ.Д. Крылова, М.И. Соколова _1210##$aМ.$d2003 _1215##$aС. 301-518$cил. _1700#1$aКрылова$bГ. Д.$gГалина Дмитриевна$4070 _1701#1$aСоколова$bМ. И.$gМария Игоревна$4070 _tПрактикум по маркетингу _aКрылова, Галина Дмитриевна |
|
| 423 | 0 |
_12001#$aУчебно-методический комплекс по маркетингу$fР.Б. Ноздрева, Г.Д. Крылова, М.И. Соколова$g[К сб. в целом]: Моск. гос. ин-т междунар. отношений (Ун-т) МИД РФ _1210##$aМ.$d2003 _1215##$aС. 519-564 _1700#1$aНоздрева$bР. Б.$gРаиса Борисовна и др.$4070 _tУчебно-методический комплекс по маркетингу _aНоздрева, Раиса Борисовна и др. |
|
| 512 | 1 | _aМаркетинг | |
| 606 | 0 |
_aМаркетинг _jРуководства, пособия и т.п. для высшей школы _91262222 _3RU\NLR\auth\66200829 |
|
| 606 | 0 |
_aМаркетинг _jУчебные издания для высших учебных заведений _91262222 _3RU\NLR\auth\66200829 |
|
| 686 | _aУ5-361.4я73 | ||
| 700 | 1 |
_aНоздрева _bР. Б. _gРаиса Борисовна _4070 |
|
| 701 | 1 |
_aГречков _bВ. Ю. _gВиктор Юрьевич _4070 |
|
| 801 | 0 |
_aRU _bNLR _c20030904 _gPSBO |
|
| 801 | 1 |
_aRU _bNLR _c20030904 |
|
| 942 | _cBOOK | ||
| 980 | _aNB | ||